000 00559nam a2200181Ia 4500
008 090123s9999 xx 000 0 und d
082 _b6907
100 _aजोशी प्रभाकर
245 _aजादूचा अंगरखा
250 _a1
260 _bजयहिंद प्रकाशन
300 _a24
600 _aजोशी प्रभाकर
630 _aजादूचा अंगरखा
700 _aजोशी प्रभाकर
730 _aजादूचा अंगरखा
942 _cBOOK
999 _c44972
_d44972